000 00787nam a2200253 a 4500
001 000013815
003 DO-SdBNP
005 20250827140957.0
008 091130s1999 dr 000 e spa d
040 _aDO-SdBNP
_bspa
_cBNPHU
_erda
049 _aBNPD
082 4 _aRD864.44
_bM827p
_222
100 1 _aMora Serrano, Manuel,
_c1933-
_d1933-
_95162
245 1 3 _aEl precio del fervor /
_cManuel Mora Serrano.
264 4 _aSanto Domingo :
_bCocolo,
_c1999.
300 _a74 páginas ;
_c22 cm.
336 _atexto
_btxt
_2rdacontent
337 _asin mediación
_bn
_2rdacontent
338 _avolumen
_bnc
_2rdacarrier
500 _aIncluye datos biográficos del autor en las solapas.
650 4 _aEnsayos dominicanos
_965
650 4 _aLiteratura dominicana.
_967
942 _2ddc
_cLBS1
999 _c13427
_d13427